Nations that have diferent names in their native lenguages - Statistics

General Stats
  • This quiz has been taken 17 times
  • The average score is 18 of 21
Answer Stats
Hint Answer % Correct
Brazil Brasil
100%
Russia Россия(Rossiya)
100%
Germany Deutschland
93%
Japan 日本(Nihon)
93%
Sweden Sverige
93%
Turkey Türkiye
93%
Greece Ελλάδα
87%
India भारत(bhaarat)
87%
South Korea 대한민국(daehanmingug)
87%
Estonia Eesti
87%
Ethiopia ኢትዮጵያ(ītiyop’iya)
87%
Cambodia កម្ពុជា។(Kampouchea)
87%
Egypt مصر(misr)
87%
Albania Shqipëria
87%
Swaziland swatini
87%
China 中国(zhōngguó)
87%
Basque Country Euskal Herria
80%
Hungary Németország
80%
Chechnya Нохчийчоь(Noxçiyçö)
80%
Finlânida Suomi
80%
Laos ປະເທດລາວ(pathedlav)
73%
No matching quizzes found
Score Distribution
Percent of People with Each Score
Percentile by Number Answered
Your Score History
You have not taken this quiz